00691cam a22003014i 4500003000900000005001700009008004100026035001900067040003300086082002100119100002600140245005300166264000500219336002100224337002500245338002300270526001000293526001000303526001000313526001000323526000800333526000800341526000800349526000800357526000800365526000800373526000800381PE-LiUPU20250731173226.0150625s r 000 0 d a(Sirsi) a34134 aPE-LiUPUbspacPE-LiUPUerda04a230/CTDbA882211 aAuer, Johann,eautor.13aEl mundo, creación de Dios.n3 /cJohann Auer. 1a atext2rdacontent aunmediated2rdamedia avolume2rdacarrier aSEG42 aSEG41 aSEG40 aSEG39 aP94 aP87 aP86 aP85 aP77 aP76 aP35